书目信息 |
| 题名: |
点亮心灯
|
|
| 作者: | 刘爱华 著 | |
| 分册: | ||
| 出版信息: | 镇江 江苏大学出版社 2017.8 |
|
| 页数: | 243页, [5] 页图版 | |
| 开本: | 24cm | |
| 丛书名: | ||
| 单 册: | ||
| 中图分类: | G624.23 | |
| 科图分类: | ||
| 主题词: | 小学语文课--阅读课--教学参考资料 | |
| 电子资源: | ||
| ISBN: | 978-7-5684-0573-7 | |
| 000 | 01376nam0 2200313 45 | |
| 001 | 012001002771 | |
| 005 | 20140823165203.0 | |
| 010 | @a978-7-5684-0573-7@dCNY45.00 | |
| 099 | @aCAL 012018081810 | |
| 100 | @a20171101d2017 em y0chiy0110 ea | |
| 101 | 0 | @achi |
| 102 | @aCN@b320000 | |
| 105 | @aafk a 000yy | |
| 106 | @ar | |
| 200 | 1 | @a点亮心灯@ADian Liang Xin Deng@d= Light your heart up@e我和孩子们的读书生活@f刘爱华著@zeng |
| 210 | @a镇江@c江苏大学出版社@d2017.8 | |
| 215 | @a243页, [5] 页图版@c图 (部分彩图)@d24cm | |
| 300 | @a并列题名:Light your heart up | |
| 300 | @a其他题名:我和孩子们的读书生活 | |
| 314 | @a刘爱华教育硕士, 中学高级教师, 国家二级心理咨询师, 镇江市江滨实验小学副校长。全国基础教育科学研究先进个人、镇江市优秀教育工作者、镇江市语文学科带头人、镇江市首批阅读推广人、海外教育基金会公益讲师。爱孩子, 爱语文, 爱生活, 一直工作在小学语文教学一线, 只因“和孩子一起我永远快乐”。主持多项语文和德育课题研究, 30多篇论文在省级以上刊物发表。 | |
| 320 | @a有书目 (第241页) | |
| 330 | @a本书作者刘爱华以自己在低年级开展“大声朗读”的实践和经历, 再现了和孩子们语文生活中的一个个小故事。 | |
| 510 | 1 | @aLight your heart up@zeng |
| 517 | 1 | @a我和孩子们的读书生活 |
| 606 | 0 | @a小学语文课@x阅读课@j教学参考资料 |
| 690 | @aG624.23@v5 | |
| 701 | 0 | @a刘爱华@ALiu Ai Hua@4著 |
| 801 | @aCN@bAHXH@c20210922 | |
| 905 | @b1284293-7@dG624.23@e2078@f5 | |
| 点亮心灯= Light your heart up:我和孩子们的读书生活/刘爱华著.-镇江:江苏大学出版社,2017.8 |
| 243页, [5] 页图版:图 (部分彩图);24cm |
| 并列题名:Light your heart up.-其他题名:我和孩子们的读书生活 |
| ISBN 978-7-5684-0573-7:CNY45.00 |
| 本书作者刘爱华以自己在低年级开展“大声朗读”的实践和经历, 再现了和孩子们语文生活中的一个个小故事。 |
| ● |
| 相关链接 |
|
|
|
|
正题名:点亮心灯
索取号:G624.23/2078
 
预约/预借
| 序号 | 登录号 | 条形码 | 馆藏地/架位号 | 状态 | 备注 |
| 1 | 1284293 | 212842931 | 第一样本阅览室/ [索取号:G624.23/2078] | 在馆 | |
| 2 | 1284294 | 212842940 | 教育系资料室/ [索取号:G624.23/2078] | 在馆 | |
| 3 | 1284295 | 212842959 | 教育系资料室/ [索取号:G624.23/2078] | 在馆 | |
| 4 | 1284296 | 212842968 | 第四借阅区/ [索取号:G624.23/2078] | 在馆 | |
| 5 | 1284297 | 212842977 | 第四借阅区/ [索取号:G624.23/2078] | 在馆 |